000
00298nam a2200121Ia 4500
008
190216s9999||||xx |||||||||||||| ||und||
100
_a
Competition Sucess Pub
245
0
_a
Year Book 1997
260
_b
Competition Success Pub
_c
1997
300
_a
844
650
_a
General Libraries
942
_c
REF
999
_c
36257
_d
36257